[Event "ODJM B 2025"]
[Site "Willingen GER"]
[Date "2025.06.14"]
[Round "9"]
[White "Meyer, Hugo"]
[Black "Claussen, Alexander"]
[Result "1-0"]
[Termination "normal"]
[Board "38"]
[WhiteElo "1591"]
[BlackElo "1654"]
[WhiteClock "00:01:34"]
[BlackClock "00:13:16"]
[PlyCount "73"]
[WhiteFideId "533005249"]
[BlackFideId "16248910"]
[EventCountry "GER"]
[EventRounds "9"]
[EventType "swiss"]
[EventDate "2025.06.07"]

1. e4 {[%clk 01:30:56]} {[%emt 00:00:03]} e6 {[%clk 01:30:56]} {[%emt
00:00:05]} 2. d4 {[%clk 01:31:20]} {[%emt 00:00:06]} d5 {[%clk 01:31:23]}
{[%emt 00:00:04]} 3. Nc3 {[%clk 01:31:42]} {[%emt 00:00:08]} Nf6 {[%clk
01:31:47]} {[%emt 00:00:06]} 4. e5 {[%clk 01:32:03]} {[%emt 00:00:09]} Ne4
{[%clk 01:32:11]} {[%emt 00:00:05]} 5. Nxe4 {[%clk 01:29:10]} {[%emt 00:03:22]}
dxe4 {[%clk 01:32:36]} {[%emt 00:00:07]} 6. Ne2 {[%clk 01:24:38]} {[%emt
00:05:02]} c5 {[%clk 01:32:54]} {[%emt 00:00:12]} 7. c3 {[%clk 01:25:00]}
{[%emt 00:00:08]} Nc6 {[%clk 01:33:15]} {[%emt 00:00:09]} 8. a3 {[%clk
01:23:29]} {[%emt 00:02:01]} Qb6 {[%clk 01:28:17]} {[%emt 00:05:27]} 9. g3
{[%clk 01:07:57]} {[%emt 00:16:02]} cxd4 {[%clk 01:27:10]} {[%emt 00:01:38]}
10. cxd4 {[%clk 01:06:57]} {[%emt 00:01:30]} Qa5+ {[%clk 01:15:26]} {[%emt
00:12:13]} 11. Bd2 {[%clk 01:04:53]} {[%emt 00:02:34]} Qd5 {[%clk 01:15:27]}
{[%emt 00:00:28]} 12. Be3 {[%clk 01:00:38]} {[%emt 00:04:46]} Bd7 {[%clk
00:56:33]} {[%emt 00:19:24]} 13. Nc3 {[%emt 00:16:59]} Qa5 {[%clk 00:56:23]}
{[%emt 00:00:03]} 14. b4 {[%clk 00:44:26]} {[%emt 00:00:50]} Qc7 {[%clk
00:51:13]} {[%emt 00:05:40]} 15. Nxe4 {[%clk 00:41:29]} {[%emt 00:03:27]} Be7
{[%clk 00:38:06]} {[%emt 00:13:37]} 16. Bg2 {[%clk 00:38:27]} {[%emt 00:03:32]}
O-O {[%clk 00:37:41]} {[%emt 00:00:55]} 17. O-O {[%clk 00:38:23]} {[%emt
00:00:34]} Rfd8 {[%clk 00:30:43]} {[%emt 00:07:28]} 18. Qg4 {[%clk 00:33:10]}
{[%emt 00:05:43]} Kh8 {[%clk 00:29:06]} {[%emt 00:02:07]} 19. Rac1 {[%clk
00:27:35]} {[%emt 00:06:05]} a6 {[%clk 00:29:08]} {[%emt 00:00:29]} 20. Bg5
{[%clk 00:24:17]} {[%emt 00:03:47]} Be8 {[%clk 00:24:56]} {[%emt 00:04:42]} 21.
Bf6 {[%clk 00:15:18]} {[%emt 00:09:29]} gxf6 {[%clk 00:18:37]} {[%emt
00:06:49]} 22. Nxf6 {[%clk 00:14:05]} {[%emt 00:01:42]} Bd7 {[%clk 00:18:08]}
{[%emt 00:01:00]} 23. Be4 {[%clk 00:11:51]} {[%emt 00:02:44]} Bxf6 {[%clk
00:13:25]} {[%emt 00:05:13]} 24. exf6 {[%clk 00:12:02]} {[%emt 00:00:19]} Rg8
{[%clk 00:13:42]} {[%emt 00:00:13]} 25. Qh5 {[%clk 00:06:15]} {[%emt 00:06:16]}
Rg6 {[%clk 00:14:05]} {[%emt 00:00:07]} 26. Bxg6 {[%clk 00:05:20]} {[%emt
00:01:26]} fxg6 {[%clk 00:14:29]} {[%emt 00:00:05]} 27. Qh6 {[%clk 00:05:04]}
{[%emt 00:00:47]} Rg8 {[%clk 00:12:55]} {[%emt 00:02:04]} 28. f7 {[%clk
00:04:37]} {[%emt 00:00:57]} Qd6 {[%clk 00:11:05]} {[%emt 00:02:19]} 29.
fxg8=Q+ {[%emt 00:00:32]} Kxg8 {[%clk 00:11:32]} {[%emt 00:00:03]} 30. Rfd1
{[%clk 00:01:49]} {[%emt 00:03:17]} Ne7 {[%clk 00:11:47]} {[%emt 00:00:15]} 31.
Qf4 {[%clk 00:01:44]} {[%emt 00:00:35]} Qxf4 {[%clk 00:12:00]} {[%emt
00:00:17]} 32. gxf4 {[%clk 00:02:06]} {[%emt 00:00:08]} Bc6 {[%clk 00:12:21]}
{[%emt 00:00:10]} 33. Re1 {[%clk 00:01:43]} {[%emt 00:00:52]} Kf7 {[%clk
00:12:30]} {[%emt 00:00:22]} 34. h3 {[%clk 00:01:38]} {[%emt 00:00:35]} Nd5
{[%clk 00:12:30]} {[%emt 00:00:29]} 35. Rxc6 {[%emt 00:01:07]} bxc6 {[%clk
00:12:50]} {[%emt 00:00:09]} 36. Rc1 {[%clk 00:01:18]} {[%emt 00:00:14]} Ne7
{[%clk 00:13:16]} {[%emt 00:00:04]} 37. Rc5 {[%clk 00:01:34]} {[%emt 00:00:14]}
1-0

[Event "ODJM B 2025"]
[Site "Willingen GER"]
[Date "2025.06.14"]
[Round "9"]
[White "von Gehlen, Samuel"]
[Black "Göb, Franziska"]
[Result "0-1"]
[Termination "normal"]
[Board "39"]
[WhiteElo "1533"]
[BlackElo "1611"]
[WhiteClock "00:39:48"]
[BlackClock "00:10:25"]
[PlyCount "132"]
[WhiteFideId "34651551"]
[BlackFideId "16293177"]
[EventCountry "GER"]
[EventRounds "9"]
[EventType "swiss"]
[EventDate "2025.06.07"]

1. e4 {[%clk 01:30:43]} {[%emt 00:00:06]} e5 {[%clk 01:30:59]} {[%emt
00:00:12]} 2. Nc3 {[%clk 01:27:58]} {[%emt 00:03:15]} Nc6 {[%clk 01:31:25]}
{[%emt 00:00:05]} 3. Bc4 {[%clk 01:27:47]} {[%emt 00:00:41]} Nf6 {[%clk
01:31:50]} {[%emt 00:00:04]} 4. d3 {[%clk 01:28:08]} {[%emt 00:00:09]} Na5
{[%clk 01:32:16]} {[%emt 00:00:04]} 5. Bb3 {[%clk 01:28:12]} {[%emt 00:00:25]}
Bb4 {[%clk 01:31:41]} {[%emt 00:01:06]} 6. Nge2 {[%clk 01:27:26]} {[%emt
00:01:16]} Nxb3 {[%clk 01:29:29]} {[%emt 00:02:42]} 7. axb3 {[%clk 01:27:44]}
{[%emt 00:00:11]} d5 {[%clk 01:25:16]} {[%emt 00:04:44]} 8. O-O {[%clk
01:23:33]} {[%emt 00:04:41]} h6 {[%clk 01:11:27]} {[%emt 00:14:19]} 9. f4
{[%clk 01:21:05]} {[%emt 00:02:58]} exf4 {[%clk 01:01:04]} {[%emt 00:10:53]}
10. Bxf4 {[%clk 01:20:21]} {[%emt 00:01:14]} dxe4 {[%clk 00:54:34]} {[%emt
00:07:00]} 11. dxe4 {[%clk 01:20:07]} {[%emt 00:00:43]} Qxd1 {[%clk 00:51:37]}
{[%emt 00:03:28]} 12. Raxd1 {[%clk 01:20:21]} {[%emt 00:00:15]} c6 {[%clk
00:46:50]} {[%emt 00:05:18]} 13. Bd6 {[%clk 01:15:14]} {[%emt 00:05:33]} Bxd6
{[%clk 00:44:56]} {[%emt 00:02:28]} 14. Rxd6 {[%clk 01:15:36]} {[%emt
00:00:06]} O-O {[%clk 00:41:40]} {[%emt 00:03:47]} 15. Ng3 {[%clk 01:06:56]}
{[%emt 00:09:10]} Re8 {[%clk 00:36:30]} {[%emt 00:05:41]} 16. Rd4 {[%clk
01:05:12]} {[%emt 00:02:14]} Be6 {[%clk 00:27:36]} {[%emt 00:09:24]} 17. Nf5
{[%clk 01:05:02]} {[%emt 00:00:39]} Nh7 {[%clk 00:26:12]} {[%emt 00:01:54]} 18.
Nd6 {[%clk 01:03:26]} {[%emt 00:02:06]} Re7 {[%clk 00:25:39]} {[%emt 00:01:04]}
19. e5 {[%clk 01:03:06]} {[%emt 00:00:49]} Nf8 {[%clk 00:24:10]} {[%emt
00:01:59]} 20. Rb4 {[%clk 00:55:00]} {[%emt 00:08:35]} Rb8 {[%clk 00:21:33]}
{[%emt 00:03:08]} 21. Na4 {[%clk 00:53:20]} {[%emt 00:02:11]} Ng6 {[%clk
00:19:51]} {[%emt 00:02:12]} 22. Re1 {[%clk 00:53:07]} {[%emt 00:00:42]} b6
{[%clk 00:17:04]} {[%emt 00:03:18]} 23. Nc5 {[%clk 00:50:02]} {[%emt 00:03:35]}
Rd8 {[%clk 00:16:28]} {[%emt 00:01:04]} 24. Nxe6 {[%clk 00:46:04]} {[%emt
00:04:30]} Rxe6 {[%clk 00:16:26]} {[%emt 00:00:32]} 25. Nc4 {[%clk 00:42:20]}
{[%emt 00:04:13]} Rd5 {[%clk 00:14:34]} {[%emt 00:02:22]} 26. Kf2 {[%clk
00:36:19]} {[%emt 00:06:31]} Nxe5 {[%clk 00:13:58]} {[%emt 00:01:06]} 27. Rxe5
{[%clk 00:36:32]} {[%emt 00:00:17]} Rdxe5 {[%clk 00:13:53]} {[%emt 00:00:36]}
28. Nxe5 {[%clk 00:36:53]} {[%emt 00:00:08]} Rxe5 {[%clk 00:14:20]} {[%emt
00:00:03]} 29. Ra4 {[%clk 00:36:47]} {[%emt 00:00:36]} Re7 {[%clk 00:13:08]}
{[%emt 00:01:43]} 30. Rc4 {[%clk 00:36:20]} {[%emt 00:00:56]} c5 {[%clk
00:13:26]} {[%emt 00:00:12]} 31. Kf3 {[%clk 00:35:54]} {[%emt 00:00:55]} Kf8
{[%clk 00:13:21]} {[%emt 00:00:36]} 32. b4 {[%clk 00:35:16]} {[%emt 00:01:09]}
cxb4 {[%clk 00:13:03]} {[%emt 00:00:47]} 33. Rxb4 {[%clk 00:35:42]} {[%emt
00:00:05]} Rd7 {[%clk 00:12:31]} {[%emt 00:01:02]} 34. Ke3 {[%clk 00:35:58]}
{[%emt 00:00:14]} Ke7 {[%clk 00:12:09]} {[%emt 00:00:52]} 35. Rg4 {[%clk
00:36:00]} {[%emt 00:00:27]} g5 {[%clk 00:10:49]} {[%emt 00:01:50]} 36. h4
{[%clk 00:34:42]} {[%emt 00:01:48]} f5 {[%clk 00:09:45]} {[%emt 00:01:35]} 37.
Rc4 {[%clk 00:34:01]} {[%emt 00:01:09]} Kf7 {[%clk 00:05:47]} {[%emt 00:04:30]}
38. hxg5 {[%clk 00:31:04]} {[%emt 00:03:27]} hxg5 {[%clk 00:05:58]} {[%emt
00:00:18]} 39. g3 {[%clk 00:31:07]} {[%emt 00:00:26]} Re7+ {[%clk 00:05:43]}
{[%emt 00:00:47]} 40. Kf3 {[%clk 00:30:46]} {[%emt 00:00:39]} Kf6 {[%clk
00:04:42]} {[%emt 00:01:42]} 41. Rc6+ {[%clk 00:29:32]} {[%emt 00:01:44]} Kf7
{[%clk 00:01:35]} {[%emt 00:03:37]} 42. Rc4 {[%clk 00:29:34]} {[%emt 00:00:27]}
Kg7 {[%clk 00:28:34]} {[%emt 00:03:31]} 43. Rd4 {[%clk 00:56:10]} {[%emt
00:03:51]} Rc7 {[%clk 00:24:56]} {[%emt 00:04:12]} 44. c3 {[%clk 00:56:11]}
{[%emt 00:00:30]} Kf6 {[%clk 00:21:42]} {[%emt 00:03:43]} 45. Rd6+ {[%clk
00:54:06]} {[%emt 00:02:36]} Ke5 {[%clk 00:21:14]} {[%emt 00:00:57]} 46. Rd4
{[%clk 00:52:11]} {[%emt 00:02:26]} Rh7 {[%clk 00:19:43]} {[%emt 00:02:01]} 47.
Rd8 {[%clk 00:49:08]} {[%emt 00:03:29]} Rh2 {[%clk 00:17:14]} {[%emt 00:03:01]}
48. b4 {[%clk 00:48:59]} {[%emt 00:00:41]} g4+ {[%clk 00:16:23]} {[%emt
00:01:21]} 49. Ke3 {[%clk 00:49:05]} {[%emt 00:00:23]} Rg2 {[%clk 00:16:03]}
{[%emt 00:00:50]} 50. Re8+ {[%clk 00:48:33]} {[%emt 00:01:02]} Kf6 {[%clk
00:15:33]} {[%emt 00:01:00]} 51. Kf4 {[%clk 00:48:06]} {[%emt 00:00:56]} Rf2+
{[%clk 00:15:25]} {[%emt 00:00:38]} 52. Ke3 {[%clk 00:47:37]} {[%emt 00:00:59]}
Rf3+ {[%clk 00:15:18]} {[%emt 00:00:36]} 53. Kd4 {[%clk 00:47:00]} {[%emt
00:01:06]} Rxg3 {[%emt 00:01:52]} 54. Ra8 {[%clk 00:46:45]} {[%emt 00:00:17]}
Rg1 {[%clk 00:14:02]} {[%emt 00:00:55]} 55. Rxa7 {[%clk 00:47:03]} {[%emt
00:00:12]} f4 {[%clk 00:12:12]} {[%emt 00:02:19]} 56. Ra6 {[%clk 00:47:10]}
{[%emt 00:00:24]} f3 {[%clk 00:11:28]} {[%emt 00:01:14]} 57. Rxb6+ {[%clk
00:47:29]} {[%emt 00:00:11]} Kg5 {[%clk 00:11:17]} {[%emt 00:00:41]} 58. Ke3
{[%clk 00:47:45]} {[%emt 00:00:13]} Re1+ {[%clk 00:11:01]} {[%emt 00:00:45]}
59. Kf2 {[%clk 00:47:50]} {[%emt 00:00:25]} Re2+ {[%clk 00:11:03]} {[%emt
00:00:28]} 60. Kf1 {[%clk 00:46:48]} {[%emt 00:01:31]} Kh4 {[%clk 00:09:28]}
{[%emt 00:02:07]} 61. Rh6+ {[%clk 00:46:31]} {[%emt 00:00:47]} Kg3 {[%clk
00:09:23]} {[%emt 00:00:35]} 62. Rh1 {[%clk 00:45:24]} {[%emt 00:01:37]} Rc2
{[%clk 00:09:29]} {[%emt 00:00:24]} 63. Rg1+ {[%clk 00:43:53]} {[%emt
00:02:01]} Kf4 {[%clk 00:09:48]} {[%emt 00:00:11]} 64. b5 {[%clk 00:40:02]}
{[%emt 00:04:20]} Rxc3 {[%clk 00:10:02]} {[%emt 00:00:17]} 65. Kf2 {[%clk
00:39:35]} {[%emt 00:00:57]} Rc2+ {[%clk 00:10:03]} {[%emt 00:00:29]} 66. Kf1
{[%clk 00:39:48]} {[%emt 00:00:17]} Rb2 {[%clk 00:10:25]} {[%emt 00:00:08]} 0-1

[Event "ODJM B 2025"]
[Site "Willingen GER"]
[Date "2025.06.14"]
[Round "9"]
[White "Gretzinger, Maximilian"]
[Black "Salim, Florian"]
[Result "1-0"]
[Termination "normal"]
[Board "40"]
[WhiteElo "1710"]
[BlackElo "1730"]
[WhiteClock "00:04:24"]
[BlackClock "01:04:34"]
[PlyCount "93"]
[WhiteFideId "34694960"]
[BlackFideId "533001960"]
[EventCountry "GER"]
[EventRounds "9"]
[EventType "swiss"]
[EventDate "2025.06.07"]

1. e4 {[%clk 01:30:58]} {[%emt 00:00:02]} c5 {[%clk 01:30:56]} {[%emt
00:00:05]} 2. Nf3 {[%clk 01:31:17]} {[%emt 00:00:11]} Nc6 {[%clk 01:31:19]}
{[%emt 00:00:07]} 3. Bb5 {[%clk 01:31:41]} {[%emt 00:00:06]} e5 {[%clk
01:31:28]} {[%emt 00:00:21]} 4. O-O {[%clk 01:31:54]} {[%emt 00:00:17]} Bd6
{[%clk 01:31:29]} {[%emt 00:00:30]} 5. d3 {[%clk 01:30:05]} {[%emt 00:02:18]}
Nge7 {[%clk 01:30:16]} {[%emt 00:01:43]} 6. Be3 {[%clk 01:22:35]} {[%emt
00:08:00]} b6 {[%clk 01:29:37]} {[%emt 00:01:09]} 7. Nbd2 {[%clk 01:22:30]}
{[%emt 00:00:35]} Bb8 {[%clk 01:27:29]} {[%emt 00:02:38]} 8. a4 {[%clk
01:16:33]} {[%emt 00:06:26]} O-O {[%clk 01:25:35]} {[%emt 00:02:24]} 9. h3
{[%clk 01:04:17]} {[%emt 00:12:47]} h6 {[%clk 01:23:36]} {[%emt 00:02:29]} 10.
Nc4 {[%clk 01:00:36]} {[%emt 00:04:11]} a6 {[%clk 01:15:13]} {[%emt 00:08:53]}
11. Bxc6 {[%clk 00:59:28]} {[%emt 00:01:37]} Nxc6 {[%clk 01:13:05]} {[%emt
00:02:38]} 12. a5 {[%clk 00:58:06]} {[%emt 00:01:51]} bxa5 {[%clk 01:07:49]}
{[%emt 00:05:46]} 13. Bxc5 {[%clk 00:53:22]} {[%emt 00:05:15]} d6 {[%clk
01:07:29]} {[%emt 00:00:50]} 14. Bb6 {[%clk 00:47:54]} {[%emt 00:05:58]} Bc7
{[%clk 01:07:49]} {[%emt 00:00:10]} 15. Bxc7 {[%clk 00:47:59]} {[%emt
00:00:24]} Qxc7 {[%clk 01:08:10]} {[%emt 00:00:09]} 16. Qd2 {[%clk 00:45:07]}
{[%emt 00:03:22]} Qe7 {[%clk 01:07:11]} {[%emt 00:01:29]} 17. Nxa5 {[%clk
00:42:28]} {[%emt 00:03:10]} Nxa5 {[%clk 01:07:04]} {[%emt 00:00:38]} 18. Rxa5
{[%clk 00:41:32]} {[%emt 00:01:25]} Qf6 {[%clk 01:07:16]} {[%emt 00:00:17]} 19.
Qe3 {[%clk 00:39:35]} {[%emt 00:02:28]} g5 {[%clk 01:06:13]} {[%emt 00:01:33]}
20. Rfa1 {[%clk 00:38:04]} {[%emt 00:02:01]} Kh8 {[%clk 01:05:52]} {[%emt
00:00:51]} 21. d4 {[%clk 00:34:04]} {[%emt 00:04:29]} Rg8 {[%clk 01:00:48]}
{[%emt 00:05:35]} 22. dxe5 {[%clk 00:32:46]} {[%emt 00:01:48]} dxe5 {[%clk
01:01:05]} {[%emt 00:00:14]} 23. Nxe5 {[%clk 00:32:02]} {[%emt 00:01:13]} g4
{[%clk 01:00:58]} {[%emt 00:00:37]} 24. Nxg4 {[%clk 00:27:44]} {[%emt
00:04:47]} Bxg4 {[%clk 01:00:51]} {[%emt 00:00:37]} 25. hxg4 {[%clk 00:28:00]}
{[%emt 00:00:14]} Rxg4 {[%clk 01:00:59]} {[%emt 00:00:22]} 26. Qc3 {[%clk
00:15:42]} {[%emt 00:12:49]} Qxc3 {[%clk 01:01:03]} {[%emt 00:00:26]} 27. bxc3
{[%clk 00:16:10]} {[%emt 00:00:02]} Rag8 {[%clk 01:01:08]} {[%emt 00:00:24]}
28. g3 {[%clk 00:16:25]} {[%emt 00:00:16]} Rxe4 {[%clk 01:01:26]} {[%emt
00:00:12]} 29. Rxa6 {[%clk 00:16:42]} {[%emt 00:00:13]} Rc4 {[%clk 01:01:43]}
{[%emt 00:00:12]} 30. Rxh6+ {[%clk 00:17:01]} {[%emt 00:00:11]} Kg7 {[%clk
01:02:08]} {[%emt 00:00:06]} 31. Rh4 {[%clk 00:16:01]} {[%emt 00:01:29]} Rxc3
{[%clk 01:02:25]} {[%emt 00:00:14]} 32. Rg4+ {[%clk 00:16:19]} {[%emt
00:00:12]} Kh7 {[%clk 01:02:42]} {[%emt 00:00:14]} 33. Rxg8 {[%clk 00:16:36]}
{[%emt 00:00:12]} Kxg8 {[%clk 01:03:07]} {[%emt 00:00:04]} 34. Ra2 {[%clk
00:16:43]} {[%emt 00:00:24]} Kg7 {[%clk 01:03:01]} {[%emt 00:00:36]} 35. Kg2
{[%clk 00:16:30]} {[%emt 00:00:42]} f5 {[%clk 01:03:18]} {[%emt 00:00:14]} 36.
Kh3 {[%clk 00:15:26]} {[%emt 00:01:34]} Kg6 {[%clk 01:03:25]} {[%emt 00:00:23]}
37. Kh4 {[%clk 00:14:05]} {[%emt 00:01:50]} Rc4+ {[%clk 01:03:45]} {[%emt
00:00:11]} 38. f4 {[%clk 00:13:29]} {[%emt 00:01:05]} Rc6 {[%clk 01:04:04]}
{[%emt 00:00:12]} 39. Rb2 {[%clk 00:13:18]} {[%emt 00:00:40]} Rc3 {[%clk
01:03:56]} {[%emt 00:00:38]} 40. Rb6+ {[%clk 00:12:26]} {[%emt 00:01:23]} Kg7
{[%clk 01:03:35]} {[%emt 00:00:51]} 41. Rb3 {[%clk 00:04:47]} {[%emt 00:08:09]}
Rxc2 {[%clk 01:03:54]} {[%emt 00:00:11]} 42. Kg5 {[%clk 00:05:03]} {[%emt
00:00:14]} Rc7 {[%clk 01:04:03]} {[%emt 00:00:20]} 43. Kxf5 {[%clk 00:05:13]}
{[%emt 00:00:21]} Kh6 {[%clk 01:04:25]} {[%emt 00:00:09]} 44. Kg4 {[%clk
00:04:44]} {[%emt 00:00:58]} Rc6 {[%clk 01:04:24]} {[%emt 00:00:31]} 45. Rb5
{[%clk 00:04:28]} {[%emt 00:00:45]} Rc3 {[%clk 01:04:11]} {[%emt 00:00:43]} 46.
Rb6+ {[%clk 00:04:36]} {[%emt 00:00:22]} Kg7 {[%clk 01:04:34]} {[%emt
00:00:07]} 47. f5 {[%clk 00:04:24]} {[%emt 00:00:43]} 1-0

[Event "ODJM B 2025"]
[Site "Willingen GER"]
[Date "2025.06.14"]
[Round "9"]
[White "Han, Erdem"]
[Black "Mlynarski, Milosz"]
[Result "1/2-1/2"]
[Termination "normal"]
[Board "41"]
[WhiteElo "1765"]
[BlackElo "1647"]
[WhiteClock "00:18:21"]
[BlackClock "00:56:40"]
[PlyCount "55"]
[WhiteFideId "533000646"]
[BlackFideId "34636854"]
[EventCountry "GER"]
[EventRounds "9"]
[EventType "swiss"]
[EventDate "2025.06.07"]

1. d4 {[%clk 01:30:58]} {[%emt 00:00:02]} d5 {[%clk 01:30:52]} {[%emt
00:00:09]} 2. c4 {[%clk 01:31:24]} {[%emt 00:00:04]} e6 {[%clk 01:31:16]}
{[%emt 00:00:06]} 3. Nc3 {[%clk 01:31:46]} {[%emt 00:00:08]} c5 {[%clk
01:31:16]} {[%emt 00:00:30]} 4. cxd5 {[%clk 01:30:50]} {[%emt 00:01:26]} exd5
{[%clk 01:31:37]} {[%emt 00:00:09]} 5. Nf3 {[%clk 01:31:11]} {[%emt 00:00:09]}
Nc6 {[%clk 01:31:53]} {[%emt 00:00:15]} 6. dxc5 {[%clk 01:31:29]} {[%emt
00:00:11]} d4 {[%clk 01:31:54]} {[%emt 00:00:28]} 7. Na4 {[%clk 01:31:50]}
{[%emt 00:00:09]} Bxc5 {[%clk 01:32:17]} {[%emt 00:00:08]} 8. Nxc5 {[%clk
01:32:14]} {[%emt 00:00:06]} Qa5+ {[%clk 01:32:42]} {[%emt 00:00:05]} 9. Bd2
{[%clk 01:32:27]} {[%emt 00:00:17]} Qxc5 {[%clk 01:33:03]} {[%emt 00:00:09]}
10. Rc1 {[%clk 01:32:36]} {[%emt 00:00:21]} Qd5 {[%clk 01:31:22]} {[%emt
00:02:11]} 11. e3 {[%clk 01:24:06]} {[%emt 00:09:00]} Bg4 {[%clk 01:28:54]}
{[%emt 00:02:58]} 12. Bc4 {[%clk 01:19:57]} {[%emt 00:04:39]} Bxf3 {[%clk
01:27:36]} {[%emt 00:01:48]} 13. Bxd5 {[%clk 01:09:33]} {[%emt 00:10:54]} Bxd1
{[%clk 01:27:58]} {[%emt 00:00:08]} 14. Rxd1 {[%clk 01:03:28]} {[%emt
00:06:34]} Rd8 {[%clk 01:25:35]} {[%emt 00:02:55]} 15. Bf3 {[%clk 00:53:46]}
{[%emt 00:10:11]} Nge7 {[%clk 01:24:42]} {[%emt 00:01:23]} 16. O-O {[%clk
00:52:33]} {[%emt 00:01:43]} O-O {[%clk 01:24:56]} {[%emt 00:00:17]} 17. exd4
{[%clk 00:49:41]} {[%emt 00:03:22]} Nxd4 {[%clk 01:21:40]} {[%emt 00:03:46]}
18. Bxb7 {[%clk 00:46:37]} {[%emt 00:03:34]} Rb8 {[%clk 01:21:57]} {[%emt
00:00:13]} 19. Ba6 {[%clk 00:45:48]} {[%emt 00:01:17]} Rxb2 {[%clk 01:22:04]}
{[%emt 00:00:25]} 20. a3 {[%clk 00:33:04]} {[%emt 00:13:12]} Nec6 {[%clk
01:11:14]} {[%emt 00:11:21]} 21. Rfe1 {[%clk 00:31:26]} {[%emt 00:02:06]} Nc2
{[%clk 01:07:36]} {[%emt 00:04:10]} 22. Re4 {[%clk 00:22:08]} {[%emt 00:09:47]}
Nxa3 {[%clk 01:05:12]} {[%emt 00:02:56]} 23. Ra4 {[%clk 00:20:18]} {[%emt
00:02:19]} Rd8 {[%clk 00:56:09]} {[%emt 00:09:32]} 24. Rxa3 {[%clk 00:19:49]}
{[%emt 00:01:00]} Rbxd2 {[%clk 00:56:26]} {[%emt 00:00:14]} 25. Rxd2 {[%clk
00:19:43]} {[%emt 00:00:35]} Rxd2 {[%clk 00:56:48]} {[%emt 00:00:07]} 26. g3
{[%clk 00:19:28]} {[%emt 00:00:45]} g6 {[%clk 00:57:08]} {[%emt 00:00:10]} 27.
Bb7 {[%clk 00:18:10]} {[%emt 00:01:48]} Ne7 {[%clk 00:56:40]} {[%emt 00:00:59]}
28. Rxa7 {[%clk 00:18:21]} {[%emt 00:00:19]} 1/2-1/2